- Servicio social religioso
Entrada Tema o Materia
Número de registros utilizados en: 10
001 - NUMERO DE CONTROL
- Campo de control: 1176
003 - IDENTIFICADOR DEL NUMERO DE CONTROL
- Campo de control: CO-MdFUSB
005 - HORA Y FECHA DE LA ULTIMA TRANSACCIÓN
- Campo de control: 20180324101744.0
008 - CAMPO DE LONGITUD FIJA
- Campo fijo de descripción fija: 060505i| acannaabn |a aaa
040 ## -
- : CO-MdFUSB
- : CO-MdFUSB
150 ## - ENCABEZAMIENTO DE MATERIA-TEMA
- Téma o Materia: Servicio social religioso
450 ## - REFERENCIA DE ENVIO “VEASE” - MATERIA
- Encabezamiento temático : Beneficencia eclesiástica
450 ## - REFERENCIA DE ENVIO “VEASE” - MATERIA
- Encabezamiento temático : Asistencia social religiosa
450 ## - REFERENCIA DE ENVIO “VEASE” - MATERIA
- Encabezamiento temático : Trabajo social religioso
550 ## - REFERENCIA DE ENVIO "VEASE ADEMAS" - MATERIA
- Encabezamiento temático o nombre geográfico como elemento de entrada: Beneficencia
- Subcampo de control: g
550 ## - REFERENCIA DE ENVIO "VEASE ADEMAS" - MATERIA
- Encabezamiento temático o nombre geográfico como elemento de entrada: Finanzas de la iglesia
- Subcampo de control: g
550 ## - REFERENCIA DE ENVIO "VEASE ADEMAS" - MATERIA
- Encabezamiento temático o nombre geográfico como elemento de entrada: Iglesia y problemas sociales
- Subcampo de control: g
670 ## - FUENTE EN LA QUE SE LOCALIZARON DATOS
- Cita de la fuente : ARMARC
670 ## - FUENTE EN LA QUE SE LOCALIZARON DATOS
- Cita de la fuente : LCSH
750 #0 - ASIENTO LIGADO AL ENCABEZAMIENTO - TEMATICO
- Número de control del registro: sh 85025584
- Encabezamiento temático : Church charities
